Online Catalogue and eLibrary

Sri Lanka, the years of terror : (Record no. 513)

MARC details
000 -LEADER
fixed length control field 00514nam a2200181 a 4500
001 - CONTROL NUMBER
control field 612194
005 - DATE AND TIME OF LATEST TRANSACTION
control field 20240229002320.0
008 - FIXED-LENGTH DATA ELEMENTS--GENERAL INFORMATION
fixed length control field 920313s1991 ce a b 000 0 eng
020 ## - INTERNATIONAL STANDARD BOOK NUMBER
ISBN 9559029037 :
040 ## - CATALOGING SOURCE (பட்டியலாக்க மூலம்)
Original cataloging agency DLC
Transcribing agency DLC
Modifying agency DLC
082 ## - DDC Classification
DDC Edition Number 22
Class No. 322.42
Item Number - Author Mark SRI.
100 1# - MAIN ENTRY--PERSONAL NAME
Personal name Chandraprema, C. A.,
245 10 - TITLE STATEMENT
Title Sri Lanka, the years of terror :
Remainder of title the J.V.P. insurrection, 1987-1989 /
Statement of responsibility, etc. C.A. Chandraprema.
250 ## - EDITION STATEMENT
Edition statement 1st ed.
260 ## - PUBLICATION, DISTRIBUTION, ETC.
Place of publication, distribution, etc. Colombo :
Name of publisher, distributor, etc. Lake House Bookshop,
Date of publication, distribution, etc. 1991.
300 ## - PHYSICAL DESCRIPTION
Extent (e.g. Volumes, Pages etc.) iv, 323 p. :
942 ## - Koha item type (Biblio)
Koha item type Books in Stacks (Lending)
Holdings
Lost status Damaged status Collection code Home library Current library Date acquired Full call number Accession Number Item type
    Lending WERC Library WERC Library 02/29/2024 322.42 SRI. 3584 Books in Stacks (Lending)

© WERC Library